00828nam a2200253Ia 450000500170000000800410001702000260005804000190008404100120010308200150011510000210013024500660015125000120021726000350022930000270026450400670029165000290035865100250038770000280041285000100044094200070045099900160045795201010047320221027150026.0131103s9999 xx 000 0 und d a0-333-57001-4cRs. 50 aLoreto College aEnglish a158.7bCHE aChell, Elizabeth 4aThe psychology of behaviour in organizationscElizabeth Chell a2nd ed. aLondonbMacmilllan Pressc1993 axv,263p, tables 21c.m. aIncludes bibliographical references and name and subject index aOrganizational Behaviour aSocial Interaction  aChell, Elizabeth, auth. aLCLIB cBK c2143d52622 00102ddc4070aMAINbMAINd2013-11-04l0o158.7 CHE 42458pB1019r2013-11-04w2013-11-04yBKf